000 00924cam a2200289 a 4500
999 _c8065
_d8065
001 4344631
003 OSt
005 20230123161217.0
008 890725s1990 at a b 001 0 eng c
010 _a 89022073
020 _a0443042101
040 _aDNLM/DLC
_cDLC
_dDLC
050 0 0 _aRT98
_b.M34 1990
060 _aWY 106 M478c
082 0 0 _a610.73/43
_220
100 1 _aMcMurray, Anne.
_910116
245 1 0 _aCommunity health nursing :
_bprimary health care in practice /
_cAnne McMurray.
260 _aMelbourne ;
_aNew York :
_bChurchill Livingstone,
_c1990.
300 _ax, 269 p. :
_bill. ;
_c22 cm.
504 _aIncludes bibliographical references.
650 0 _aCommunity health nursing.
_916418
650 0 _aPrimary health care.
_92125
650 2 _aCommunity Health Nursing.
_916419
650 2 _aPrimary Health Care.
_92125
906 _a7
_bcbc
_corignew
_d1
_eocip
_f19
_gy-gencatlg
942 _2ddc
_cO_SHELF